• 首页
  • 本馆介绍
  • 公告通知
  • 最新文献
  • 馆藏检索
  • 电子资源
  • 读者导购
  • 参考咨询
  • 我的图书馆
  • 登录
  • 详细信息显示
  • 放入我的书架
  • 预约/预借图书
  • 作者相关作品
  • 分类相关作品
  • 丛书相关作品
  • 出版社相关作品

书目信息

  • 表格格式
  • 工作单格式
  • 卡片格式
题名:
当我年轻的时候
    
 
作者: ;英文中国妇女编辑部 编
分册:  
出版信息: 石家庄   河北人民出版社  1982
页数: 124页
开本: 19cm
丛书名:
单 册:
中图分类: D442.62
科图分类:
主题词: 妇女运动 , 妇女组织 , 思想政治教育--青年读物
电子资源:
ISBN:
000 00720nam0 2200253 45
001 0182008503
005 20060913152015.84
010    @dCNY0.37
091    @aCN@b3086.864
100    @a19950705d1982 em y0chiy0121 ea
101 0  @achi
102    @aCN@b130000
105    @af z 000yy
200 10 @a当我年轻的时候@Adang wo nian qing de shi hou@f英文中国妇女编辑部编
210    @a石家庄@c河北人民出版社@d1982
215    @a124页@c照片@d19cm
606 0  @a妇女运动
606 0  @a妇女组织
606    @a思想政治教育@x青年读物
690    @aD442.62@v3
711 02 @a英文中国妇女编辑部@Aying wen zhong guo fu nu bian ji bu@4编
801  0 @aCN@bTSSF@c20060913
801  2 @aCN@bNLC@c20060804
905    @a10447@dD442.62@e11
    
    当我年轻的时候/英文中国妇女编辑部编.-石家庄:河北人民出版社,1982
    124页:照片;19cm
    
    
    ISBN :CNY0.37
    
●
相关链接 在E读中查询图书 在五车中查询图书 在当当中查询图书 在豆瓣中查询图书


正题名:当我年轻的时候     索取号:D442.62/11         预约/预借

序号 登录号 条形码 馆藏地/架位号 状态 备注
1 0449417   204494172   密集书库/ [索取号:D442.62/11] 在馆    
2 0474306   204743064   密集书库/ [索取号:D442.62/11] 在馆    
唐山师范学院图书馆 欢迎您!
大连网信软件有限公司© 版权所有